Additional notes on reproduction in the mexican vole, Microtus mexicanus (Registro nro. 11532)

Detalles MARC
000 -CABECERA
Campo de control 005530000a22001810004500
090 ## - CLASIFICACIÓN LOCAL
Colección AR
Consecutivo 02465
041 0# - IDIOMA
Código de idioma para texto/pista de sonido o título separado
100 1# - ASIENTO PRINCIPAL--NOMBRE PERSONAL
Nombre personal Choate, Jerry R.
245 10 - MENCION DE TITULO
Título Additional notes on reproduction in the mexican vole, Microtus mexicanus
650 14 - ASIENTO SECUNDARIO DE MATERIA - TERMINO TEMATICO
Término temático o nombre geográfico como elemento de entrada Roedores
650 14 - ASIENTO SECUNDARIO DE MATERIA - TERMINO TEMATICO
Término temático o nombre geográfico como elemento de entrada Reproducción animal
650 14 - ASIENTO SECUNDARIO DE MATERIA - TERMINO TEMATICO
Término temático o nombre geográfico como elemento de entrada Hábitat animal
651 #4 - ASIENTO SECUNDARIO DE MATERIA - NOMBRE GEOGRAFICO
-- México
653 ## - TERMINO DE INDIZACION - NO CONTROLADO
-- Microtus
-- Microtus mexicanus
700 1# - ASIENTO SECUNDARIO - NOMBRE PERSONAL
Nombre personal Jones, J. Knox
773 1# - Item fuente:
Título Southwestern Naturalist
Especificación de materiales 458
Descripción física 3
Paginas del Articulo 351-357
Lugar, editorial y fecha de publicación 1970
Información sobre la relación 14
942 ## - ELEMENTOS ADICIONALES (KOHA)
Tipo de ítem Artículo
Existencias
Withdrawn status Lost status Damaged status No para préstamo Colección Ubicación Permanente Ubicación actual Fecha de adquisición Datos de publicación Seriada Total Checkouts Número topográfico Inventario / Código de Barras Date last seen Ejemplar Price effective from Forma de adquisición Tipo de material
      No para Préstamo Hemeroteca Bogotá Bogotá 27/02/2015 Fuera de circulación   AR 02465 012872 25/03/2015 1 25/03/2015   Artículo